000 00650nam a2200241Ia 4500
003 OSt
005 20220918225400.0
006 a|||||r|||| 00| 0
007 ta
008 220917b |||||||| |||| 00| 0 eng d
024 _a240,385
037 _cTextual
040 _aARTS
_cARTS
_beng
041 _2eng
_aeng
082 _aO111,6x, N5
100 _aRao R. Raj
_9150290
245 0 _aOne day i locked my flat in soul - city
260 _aNew Delhi
_bHarper Collins Publishers India
_c1995
300 _a189p.
_ccm.
650 _aENGLISH LITERATURE
942 _hO111,6x, N5
_cTEXL
_2CC
999 _c284458
_d284458